| 000 | 00418nam a22001217a 4500 | ||
|---|---|---|---|
| 082 | _a200 THE | ||
| 100 |
_aWaleed Ghafoor _969738 |
||
| 245 | _aTH-SOF-1516-Electrospun Polyvinyl Alcohol/Carbon nanotubes Composites Nanofibers for EMI Control Applications | ||
| 260 |
_aIslamabad _bNUST College of EME _c2018 |
||
| 650 |
_aMS-ELECT-2015 MSTHESIS _969477 |
||
| 700 |
_aSupervisor Dr. Mashhood Ahmad _969739 |
||
| 942 | _cCF | ||
| 999 |
_c576883 _d576883 |
||